[Event "IECC CL8-2001.04"]
[Site "IECC email"]
[Date "2001.03.17"]
[Round "?"]
[White "Schulle, Jozsef"]
[Black "Aspiras, David"]
[Result "1-0"]
[WhiteElo "1031"]
[BlackElo "1000"]
[PlyCount "43"]
[EventDate "2001.??.??"]
[EventType "tourn (corr)"]
[EventRounds "4"]
[SourceTitle "Corr 2008"]
[Source "ChessBase"]
[SourceDate "2008.06.24"]
[SourceVersion "1"]
[SourceVersionDate "2008.06.24"]
[SourceQuality "1"]

1. c4 e5 2. Nc3 Nf6 3. Nf3 Nc6 4. g3 a6 5. Bg2 Bc5 6. 0-0 0-0 7. d3 Nh5 8. Nd5 d6 9. Rb1 f5 10. b4 Ba7 11. Bg5 Qd7 12. a4 f4 13. e3 fxg3 14. b5 gxh2+ 15. Nxh2 Nf6 16. Nxf6+ gxf6 17. bxc6 bxc6 18. Bh6 Rf7 19. Qf3 Bb6 20. Qxc6 Qxc6 21. Bxc6 Rb8 22. a5 1-0